Normal view
MARC view
- THERMAL AND HYDRAULIC MACHINES
Entry Topical Term
001 - CONTROL NUMBER
- control field: 69122
003 - CONTROL NUMBER IDENTIFIER
- control field: NUST
005 - DATE AND TIME OF LATEST TRANSACTION
- control field: 20210628204156.0
008 - FIXED-LENGTH DATA ELEMENTS
- fixed length control field: 210628|| aca||aabn | a|a d
040 ## - CATALOGING SOURCE
- Original cataloging agency: NUST
- Transcribing agency: NUST
150 ## - HEADING--TOPICAL TERM
- Topical term or geographic name entry element: THERMAL AND HYDRAULIC MACHINES
670 ## - SOURCE DATA FOUND
- Source citation: Work cat.: (NUST): Sawhney, G.S 63721, Thermal and hydraulic machines, 2011
